| 000 | 00000nam##2200000za#4500 |
| 001 | 9.590955 |
| 003 | CaOODSP |
| 005 | 20210624200353 |
| 007 | cr ||||||||||| |
| 008 | 150406|2001||||xxc|||||o f|0| 0 fre|d |
| 020 | |a0-662-86230-9 |
| 040 | |aCaOODSP|bfre |
| 043 | |an-cn--- |
| 086 | 1 |aH113-6/2001-4F-IN |
| 110 | 1 |aCanada.|bSanté Canada. |bAgence de réglementation de la lutte antiparasitaire. |
| 245 | 10|aFongicide difénoconazole |h[ressource électronique] |
| 260 | |aOttawa - Ontario : |bSanté Canada. |cLe 7 septembre 2001. |
| 300 | |a5p. |
| 490 | 1 |aDécision réglementaire |vRDD 2001-04 |
| 590 | |a12-01-Supp|b2012-01-13 |
| 775 | 08|tDifenoconazole fungicide |w(CaOODSP)9.557955 |
| 776 | 0#|tFongicide difenoconazole |w(CaOODSP)9.625778 |
| 830 | #0|aDécision réglementaire ;|vRDD 2001-04|w(CaOODSP)9.500879 |
| 856 | 40|ahttp://publications.gc.ca|qPDF|s43 Ko|uhttps://publications.gc.ca/collections/Collection/H113-6-2001-4F.pdf|yRDD 2001-04 |